00905cam a2200265 i 4500001000300000003000900003005001700012008004100029020001800070040004200088041000800130080001100138080001200149100003600161245009500197250002000292260004800312300002800360504002600388655003000414650001600444700003900460700004200499856009800541bgKOSZ 00520220909115446.0071010s2007 pl f f |000 0 pol d a9788301152918 cKOSZ 005/HRaKOSZ 005/HRdKOSZ 005/HR apol a330.43 a(075.8)1 aBorkowski, Bolesławd(1952- ).10aEkonometria :bwybrane zagadnienia /cBolesław Borkowski, Hanna Dudek, Wiesław Szczesny. aWyd. 1, 2 dodr. aWarszawa :bWydawnictwo Naukowe PWN,c2007. a290 s. :bil. ;c24 cm. aBibliogr. s. 289-290. 4aPodręczniki akademickie 4aEkonometria1 aDudek, Hannac(nauki ekonomiczne).1 aSzczęsny, Wiesławd(1947- )eAutor uhttp://koha.tu.koszalin.pl/cgi-bin/koha/opac-detail.pl?biblionumber=56025yKatalog online BPK